| 000 | 00585nam a22001817a 4500 | ||
|---|---|---|---|
| 999 |
_c342296 _d342296 |
||
| 003 | NUST | ||
| 005 | 20171215153850.0 | ||
| 008 | 151007b xxu||||| |||| 00| 0 eng d | ||
| 020 | _a99715126416 | ||
| 040 | _c0 | ||
| 082 | _a660.281 LEV | ||
| 100 |
_914254 _aLevenspiel,Octave |
||
| 245 |
_aChemical Reaction Engineering _cOctave,Levenspiel |
||
| 250 | _a3rd ed | ||
| 260 |
_aNew York _bJohn Wiley & Sons _c2003. |
||
| 300 | _a668p. | ||
| 500 | _aP.B | ||
| 650 |
_914258 _a- _xGeneral |
||
| 942 |
_2ddc _cBK _kIESE |
||